| 000 | 00000nam 2200000zi 4500 |
| 001 | 9.856288 |
| 003 | CaOODSP |
| 005 | 20221101152641 |
| 006 | m o d f |
| 007 | cr cn||||||||| |
| 008 | 180508e201806 onca o f000 0 fre d |
| 020 | |a9780660265162 |
| 040 | |aCaOODSP|bfre|erda|cCaOODSP |
| 043 | |an-cn--- |
| 086 | 1 |aHP40-38/2018F-PDF |
| 245 | 00|aGuide sur la vaccination à l'intention des parents. |
| 264 | 1|aOttawa (Ontario) : |bAgence de la santé publique du Canada = Public Health Agency of Canada, |cjuin 2018. |
| 264 | 4|c©2018 |
| 300 | |a1 ressource en ligne (28 pages) : |billustrations en couleur |
| 336 | |atexte|btxt|2rdacontent/fre |
| 337 | |ainformatiqque|bc|2rdamedia/fre |
| 338 | |aressource en ligne|bcr|2rdacarrier/fre |
| 500 | |aPublié aussi en anglais sous le titre : A parent's guide to vaccination. |
| 500 | |a« Pub. : 180064. » |
| 500 | |aPublié aussi en format HTML. |
| 650 | 6|aEnfants|xVaccination|zCanada. |
| 710 | 2 |aAgence de santé publique du Canada, |eorganisme de publication. |
| 775 | 08|tA parent's guide to vaccination.|w(CaOODSP)9.856286 |
| 775 | 08|t[Guide sur la vaccination à l'intention des parents].|w(CaOODSP)9.881423 |
| 775 | 08|t[Guide sur la vaccination à l'intention des parents].|w(CaOODSP)9.881424 |
| 775 | 08|t[Guide sur la vaccination à l'intention des parents].|w(CaOODSP)9.881426 |
| 775 | 08|t[Guide sur la vaccination à l'intention des parents].|w(CaOODSP)9.881427 |
| 775 | 08|t[Guide sur la vaccination à l'intention des parents].|w(CaOODSP)9.881428 |
| 775 | 08|t[Guide sur la vaccination à l'intention des parents].|w(CaOODSP)9.881429 |
| 775 | 08|tGuía de vacunacion para padres.|w(CaOODSP)9.881431 |
| 775 | 08|tPatnubay sa pagbabakuna para sa mga magulang.|w(CaOODSP)9.881432 |
| 775 | 08|t[Guide sur la vaccination à l'intention des parents].|w(CaOODSP)9.881433 |
| 775 | 08|t[Guide sur la vaccination à l'intention des parents].|w(CaOODSP)9.881434 |
| 775 | 08|t[Guide sur la vaccination à l'intention des parents].|w(CaOODSP)9.881430 |
| 776 | 0#|tGuide sur la vaccination à l’intention des parents |w(CaOODSP)9.856289 |
| 794 | |tGuide sur la vaccination à l'intention des parents.|w(CaOODSP)9.909663 |
| 795 | |tGuide sur la vaccination à l’intention des parents |w(CaOODSP)9.831130 |
| 856 | 40|qPDF|s2.66 Mo|uhttps://publications.gc.ca/collections/collection_2019/aspc-phac/HP40-38-2018-fra.pdf |
| 856 | 4 |qHTML|sS.O.|uhttps://www.canada.ca/fr/sante-publique/services/publications/vie-saine/guide-vaccination-intention-parents.html |